| 000 | 00764nam a22002177a 4500 | ||
|---|---|---|---|
| 005 | 20110929113240.0 | ||
| 010 | _aG-001625 | ||
| 020 |
_c95.00 _a9788189107321 |
||
| 035 | 1 | d | _aG-001625 |
| 037 | _bGift | ||
| 082 | _a658 | ||
| 100 |
_aKenny, Ivor _935038 |
||
| 245 | E |
_aCan you manage? / _cby Ivor Kenny; illustrated by Ken Lee |
|
| 260 |
_aBhopal _bIndra Publishing House _c2008 |
||
| 270 |
_aE-5/21, Arera Colony, Habibganj Police Station Road _bBhopal _e462016 |
||
| 300 |
_a88p. _c25cm(pbk) |
||
| 700 |
_a Lee, Ken _935039 |
||
| 942 |
_2ddc _cEN _h658 _mKEN |
||
| 999 |
_c57148 _d57148 |
||